Top 10 Finishes in the Eurovision Song Contest: Part 1 - Statistics

General Stats
  • This quiz has been taken 16 times
  • The average score is 98 of 103
Answer Stats
# Country % Correct
2 | 6 | 8 | +2 others Belgium
100%
7 | 10 Finland
100%
1 | 2 | 3 | +3 others France
100%
4 | 6 | 7 | +3 others Germany
100%
1 | 3 | 5 | +4 others Italy
100%
1 | 3 | 8 | +2 others Luxembourg
100%
1 | = Netherlands
100%
7 | 8 | = Norway
100%
9 Spain
100%
4 | 10 | = Sweden
100%
2 | 4 | 7 United Kingdom
100%
6 Ireland
91%
2 | 3 | 9 | = Monaco
91%
1 | 2 | 3 | +3 others Switzerland
91%
1 | 3 | 5 | +4 others Denmark
82%
8 | = Yugoslavia
82%
4 | 5 | 6 | +3 others Austria
73%
No matching quizzes found
Score Distribution
Percent of People with Each Score
Percentile by Number Answered
Your Score History
You have not taken this quiz